| 000 | 00932naa a22002657a 4500 | ||
|---|---|---|---|
| 001 | BR8106271 | ||
| 003 | BR-BrBNA | ||
| 005 | 20240918174921.0 | ||
| 007 | ta | ||
| 008 | 230509b bl.||||| |||| 00| 0 por d | ||
| 040 |
_aBR-BrBNA _bpor _cBiblioteca Nacional de Agricultura |
||
| 041 | _a(Pt) | ||
| 072 |
_aF30 _b0430 |
||
| 090 | _aF30 BR8106271 | ||
| 100 | 1 | _aCastro, E. da M. de | |
| 245 | 1 | _aIsolamento de parcelas de algodoeiro (Gossypium hirsutum L.), por barreiras vegetais [cruzamento vegetal] | |
| 260 | 3 |
_aBelo Horizonte, MG (Brasil): _c1981. |
|
| 500 | _aProjeto algodao. Relatorio 76/78 Belo Horizonte, MG (Brasil): 1981. p. 104-107 (BR8106271-AM)F30 | ||
| 650 | _aALGODAO | ||
| 650 | _aCRUZAMENTO | ||
| 650 | _aMELHORAMENTO VEGETAL | ||
| 773 | 0 |
_tProjeto algodao. Relatorio 76/78 _wF30 BR8106271 _gBelo Horizonte, MG (Brasil), 1981. p. 104-107 |
|
| 909 |
_a202404 _bLucia _c55 _dLucia Elande |
||
| 942 |
_cAM _2AGRIS |
||
| 999 |
_c314341 _d314341 |
||